00684 2200265 4500001002100000005001700021008004100038020001800079035002400097082001000121090002000131100001300151245004800164250001100212260003500223300003000258500002900288650002000317700001500337850001500352985000600367999001500373999001500388999001500403YOGYA-0209000002991820090227024432.0 ind  a979-489-528-8 0010-020900000029918 a635.8 a635.8bMuk BlT aMUKHROJI aBididaya jamur kupingcMuchroji, Cahyana YA aCet. 3 aJakartabPenebar Swadayac2002 aviii, 64 hlmbilusc21 cm aBibliografi : hlm. 62-63 aJamurxBudidaya aCahyana YA aYOPDYOG(B) a3 a03P0004762 a03P0004763 a03P0004764